Statistics for Name the Mamma Mia Characters from the Clues!

Click here to take the quiz!

General Stats

  • This quiz has been taken 537 times
  • The average score is 8 of 11

Answer Stats

ClueCharacter% Correct
Swedish world traveler and authorBill Anderson
96%
Invites 3 men to her weddingSophie Sheridan
94%
Hotel owner in dungareesDonna Sheridan-Carmichael
89%
Architect who used to be married to LorraineSam Carmichael
89%
Divorced 3 times and brown hairTanya Chesham-Leigh
84%
Plans to design website and groom of weddingSky Rymand
82%
"Turned up out of the blue" and has two dogsHarry Bright
81%
Celebrity chef and lone wolfRosie Mulligan
69%
Bridesmaid with blonde hairLisa
50%
Bridesmaid with brown hairAli
47%
Best man and bartenderPepper
42%

Score Distribution

Percentile by Number Answered

Percent of People with Each Score

Your Score History

You have not taken this quiz